Y aquellos troesmas del tango /

Guardado en:
Autor Principal: Giorlandini, Eduardo
Formato: Libro
Publicado: Buenos Aires, Argentina : Raigambre, 1999
Materias:
Etiquetas: Agregar Etiqueta
Sin Etiquetas, Sea el primero en etiquetar este registro!
LEADER 00468nam a22001575a 4500
001 EHU.bham022692
003 AR-BHAM
005 20101125130139.0
008 130507s1999##################000#0#####d
082 7 9 |a 793.33 
100 1 |a Giorlandini, Eduardo 
245 1 0 |a Y aquellos troesmas del tango /  |c Eduardo Giorlandini 
260 |a Buenos Aires, Argentina :  |b Raigambre,  |c 1999 
300 |a 89 p. 
653 |a Tango 
859 |a AR-BHAM  |b BIB. HUMANIDADES - General  |h 793.33  |i G437  |p 491.99  |t Ej.1